00793 2200301 4500001002300000005001700023006001900040008004100059035002500100040001200125082001400137084001400151090002100165100001800186245002900204260004600233300002900279850001500308990002400323990001800347990001800365990001800383990001800401990001800419990001800437990001800455990001800473NBPULOB00000000001090020140716094959.0a ||| | 161121| ||| |  a0010-071400000001306 aNPBULOB0 a398-Sup-c a398-Sup-c a300/ Ilmu Sosial0 aY.B. Suparlan00aCerita Rakyat Jawa Barat aYogyakartabYysan Pustaka Nusantarac2002 a56 hlmbIlusc23 x 15 cm aKPAD Lobar a4196-4199/Sumb/2002 a17237/PN/2014 a17238/PN/2014 a17239/PN/2014 a17240/PN/2014 a17534/PN/2014 a17535/PN/2014 a17536/PN/2014 a17608/PN/2014